000 00905cam a2200157ua 4500
041 _aeng
_h
082 _a824
_bOXF/SE
110 1 _aOxford university press .
_b
_c(London )
245 _aSelected modern English essays /
_cOxford university press.
_hTextual Documents
250 _a1 /
_b.
260 _aLondon :
_bOxford University Press ,
_c1962.
300 _a342 ; .
504 _a
942 _cBK
999 _c6508
_d6508